| 000 | 00494nam a2200193Ia 4500 | ||
|---|---|---|---|
| 005 | 20240823022646.0 | ||
| 008 | 240823s9999||||xx |||||||||||||| ||und|| | ||
| 020 | _a81-7319-702-4 | ||
| 041 | _aENGLISH | ||
| 082 | _A005.1 P8 | ||
| 100 | _aPankaj Jalote | ||
| 245 | 3 | _aAn Integrated Approach to Software Engineering | |
| 250 | _a3rd | ||
| 260 |
_c2008 _b"Narosa, New " _aNew Delhi |
||
| 500 | _aTRANSFERED | ||
| 650 |
_aSoftware _bInformation Technology |
||
| 942 | _cBK | ||
| 999 |
_c179695 _d179695 |
||